| Tag |
First Indicator |
Second Indicator |
Subfields |
| LEADER |
00000cam a22000008a 4500 |
| 001 |
in00000027941 |
| 005 |
20151007054652.0 |
| 008 |
880211s1988 paua b 10000 eng |
| 010 |
|
|
|a 88005091
|
| 020 |
|
|
|a 0803109881
|
| 035 |
|
|
|a (OCoLC)17649834
|
| 035 |
|
|
|9 AAB5887AM
|
| 040 |
|
|
|a DLC
|c DLC
|d TXA
|d UtOrBLW
|
| 049 |
|
|
|a TXAM
|c [A10954460]
|
| 050 |
0 |
0 |
|a TA703.5
|b .R63 1988
|
| 082 |
0 |
|
|a 624.1/51
|2 19
|
| 245 |
0 |
0 |
|a Rock classification systems for engineering purposes /
|c Louis Kirkaldie, editor.
|
| 263 |
|
|
|a 8805
|
| 264 |
|
1 |
|a Philadelphia, PA :
|b ASTM,
|c [1988]
|
| 264 |
|
4 |
|c ©1988
|
| 300 |
|
|
|a vii, 167 pages :
|b illustrations
|
| 336 |
|
|
|a text
|b txt
|2 rdacontent
|
| 337 |
|
|
|a unmediated
|b n
|2 rdamedia
|
| 338 |
|
|
|a volume
|b nc
|2 rdacarrier
|
| 490 |
1 |
|
|a Special technical publication ;
|v (STP) 984
|
| 500 |
|
|
|a Papers from the Symposium on Rock Classification Systems for Engineering Purposes, held in Cincinnati, Ohio, June 25, 1987, and sponsored by ASTM Committee D-18 on Soil and Rock.
|
| 504 |
|
|
|a Includes bibliographical references.
|
| 500 |
|
|
|a "ASTM publication code number (PCN) 04-984000-38."
|
| 650 |
|
0 |
|a Engineering geology
|v Congresses.
|
| 650 |
|
0 |
|a Rocks
|v Classification
|x Congresses.
|
| 700 |
1 |
|
|a Kirkaldie, Louis.
|
| 711 |
2 |
|
|a Symposium on Rock Classification Systems for Engineering Purposes
|d (1987 :
|c Cincinnati, Ohio)
|
| 710 |
2 |
|
|a ASTM Committee D-18 on Soil and Rock.
|
| 830 |
|
0 |
|a ASTM special technical publication ;
|v 984.
|
| 999 |
|
|
|a MARS
|
| 999 |
f |
f |
|s 3dec036b-dce7-3886-b6cd-6e291b8747fe
|i 8c7d617f-e19a-3495-9ab7-7d865ec02d4d
|t 0
|
| 952 |
f |
f |
|p ric
|a Texas A&M University
|b Rellis Campus
|c Joint Library Facility
|d Remote Storage
|t 0
|e TA703.5 .R63 1988
|h Library of Congress classification
|i unmediated -- volume
|m A14810954460
|
| 998 |
f |
f |
|a TA703.5 .R63 1988
|t 0
|l Remote Storage
|